01139nam a2200217 a 450000100060000000300090000600800410001502000190005604000280007510000470010324500500015026000500020050000710025050503630032165000210068465000290070565000210073494200120075599900170076795201370078415838CO-ViMGA141112s2004 ck r 000 u spa d aMEVIGACOM78577 aCO-ViMGAbspacCO-ViMGA1 aSociedad Geográfica de Colombia, 92276910aBOLETIN DE LA SOCIEDAD GEOGRAFICA DE COLOMBIA aBogotá, cSociedad geográfica de Colombia aSolicitar el ejemplar de la tabla de contenido. - - En : GEOGRAFIA aVOL 41 - No. 125 : Ordenamiento territorial y gestión ambiental VOL 42 - No. 126 : Geopolítica de fronteras , fronteras de Colombia VOL 43 - No. 127 : Metropolización, planeación y ordenamiento territorial VOL 43 - No. 128 : Un camino hacia el futuro VOL 46 - No. 153 : Componentes geográficos básicos para el ordenamiento territorial de Colombia14aGEOGRAFIA92277014aNOTAS GEOGRAFICAS92277114aPONENCIAS922772 2ddccBK c25892d25892 01102ddc44708002aMEVIECARbMEVIECARd2015-12-04hVolumen. 1 | 11/jun/2009l0p15838r2015-12-04 00:00:00tEj. 1w2015-12-04yBK